| 000 | 00933cac a2200277 c 4500 | ||
|---|---|---|---|
| 003 | Co-PeBPM | ||
| 005 | 20260422114628.0 | ||
| 007 | ta | ||
| 008 | 161108s2015 ck a j 000 j spa | ||
| 020 | _a9789583047046 | ||
| 040 | 0 |
_aCo-PeBPM _bspa _erda _cCo-PeBPM |
|
| 041 | _aspa | ||
| 082 | 0 | 4 |
_a843.91 M17d _222 |
| 100 | 1 | 0 |
_aMarchand, Yan _eautor _974227 |
| 245 | 1 | 0 |
_aDiógenes, el hombre perro _c/ contado por Yan Marchand ; ilustrado por Vincent Sorel. |
| 250 | _aprimera edición | ||
| 264 | 1 |
_aBogotá, Colombia _b: Panamericana _c, 2015 |
|
| 300 |
_a64 páginas _b: ilustraciones en color _c; 21 cm |
||
| 650 | 1 | 7 |
_aCuentos juveniles franceses _2LEMB _974228 |
| 650 | 1 | 7 |
_aFilósofos griegos _2LEMB _9321366 |
| 650 | 1 | 7 |
_aBiografías _2LEMB |
| 650 | 1 | 7 |
_aLiteratura juvenil Francesa _2LEMB _98809 |
| 700 | 1 | 0 |
_aCamacho, Ernesto _974231 _etraducción |
| 700 | 1 | 0 |
_aSorel, Vincent _974230 _eilustración |
| 942 |
_2ddc _cBK _n0 |
||
| 999 |
_c107335 _d107335 |
||